LIBRARY & INFORMATION CENTRE, KCAET, TAVANUR

ONLINE PUBLIC ACCESS CATALOGUE (OPAC)

Inchineeru / (Record no. 524)

MARC details
000 -LEADER
fixed length control field 00473cam a2200181ua 4500
041 ## - LANGUAGE CODE
Language code of text/sound track or separate title mal
082 ## - DEWEY DECIMAL CLASSIFICATION NUMBER
Classification number 894.812 7
Item number RAJ/IN
100 ## - MAIN ENTRY--AUTHOR NAME
Personal name Raja Raja Varma, P K .
245 ## - TITLE STATEMENT
Title Inchineeru /
260 ## - PUBLICATION, DISTRIBUTION, ETC. (IMPRINT)
Place of publication Kottayam :
Name of publisher Sahitya Parishad Co Operative Society Limited ,
Year of publication 1961.
300 ## - PHYSICAL DESCRIPTION
Number of Pages 133 ; .
942 ## - ADDED ENTRY ELEMENTS (KOHA)
Koha item type Books
Holdings
Withdrawn status Lost status Damaged status Home library Current library Date acquired Full call number Accession Number Koha item type Cost, normal purchase price
Withdrawn     KAUAET KAUAET 07/04/2012 894.812 7 950 Books 1.75
Withdrawn     KAUAET Malayalam University 07/04/2012 894.812 7 116 Books  
free website counter